[Event "119th Scottish Championship"]
[Site "Glasgow"]
[Date "2012.07.12"]
[Round "6"]
[White "Sreeves, Clement"]
[Black "Magee, Ronan"]
[Result "1/2-1/2"]
[WhiteElo "2175"]
[BlackElo "1965"]
[PlyCount "84"]
[EventDate "2012.07.07"]
[EventType "swiss"]
[EventRounds "9"]
[EventCountry "SCO"]
[Source "Chess Scotland"]
[SourceDate "2012.07.24"]

1. e4 e6 2. d4 d5 3. Nc3 Nf6 4. e5 Nfd7 5. f4 c5 6. Nf3 Nc6 7. Be3 a6 8. Qd2
cxd4 9. Nxd4 Bc5 10. O-O-O O-O 11. Kb1 Nxd4 12. Bxd4 Qc7 13. g4 b5 14. Bg2 Bb7
15. Rhe1 Nb6 16. f5 Nc4 17. Qf4 Bxd4 18. Rxd4 f6 19. exf6 Qxf4 20. Rxf4 Rxf6
21. g5 Rxf5 22. Rxf5 exf5 23. Re7 Bc6 24. Rc7 Re8 25. a4 Ne3 26. Bf3 Ba8 27.
axb5 d4 28. Bxa8 Rxa8 29. b6 Rb8 30. b7 Rxb7 31. Rxb7 dxc3 32. Rd7 f4 33. Rd3
cxb2 34. Kxb2 Kf7 35. Kb3 Ke6 36. c4 Ke5 37. c5 Ke4 38. Rd2 f3 39. c6 Nd5 40.
Rxd5 Kxd5 41. c7 f2 42. c8=Q f1=Q 1/2-1/2

[Event "119th Scottish Championship"]
[Site "Glasgow"]
[Date "2012.07.12"]
[Round "6"]
[White "Grant, Alan G"]
[Black "Nepveu, Manuel"]
[Result "1-0"]
[WhiteElo "2155"]
[BlackElo "1955"]
[PlyCount "121"]
[EventDate "2012.07.07"]
[EventType "swiss"]
[EventRounds "9"]
[EventCountry "SCO"]
[Source "Chess Scotland"]
[SourceDate "2012.07.24"]

1. Nf3 Nf6 2. c4 g6 3. b3 Bg7 4. Bb2 O-O 5. g3 c5 6. Bg2 Nc6 7. O-O d6 8. d4
cxd4 9. Nxd4 Bd7 10. e3 Nxd4 11. exd4 Bg4 12. f3 Bf5 13. Nc3 d5 14. c5 a5 15.
g4 Be6 16. a3 b6 17. b4 axb4 18. axb4 Qc7 19. Qd2 Qb7 20. b5 Rxa1 21. Rxa1 bxc5
22. dxc5 d4 23. Qxd4 Nd5 24. Qd3 Nxc3 25. Bxc3 Bxc3 26. Qxc3 Qxb5 27. Rc1 Rc8
28. Qe5 Qd7 29. Qe3 Bd5 30. h4 Qe6 31. Qd4 Qc6 32. Rc3 Qf6 33. Qxf6 exf6 34. f4
Be6 35. c6 Kf8 36. c7 Bxg4 37. Bb7 Ke7 38. Bxc8 Bxc8 39. Rd3 Bd7 40. Kf2 h6 41.
Kg3 f5 42. Rd4 Ke6 43. Kf3 f6 44. Rb4 Kd6 45. Rb6+ Kxc7 46. Rxf6 Be8 47. h5
gxh5 48. Rxf5 Kd7 49. Rf6 Ke7 50. Rxh6 Bf7 51. Ke4 Kf8 52. Kf5 Kg7 53. Kg5 Be8
54. f5 Bf7 55. Ra6 Be8 56. Ra7+ Bf7 57. f6+ Kf8 58. Ra8+ Be8 59. Kh6 h4 60.
Rxe8+ Kxe8 61. Kg7 1-0

[Event "119th Scottish Championship"]
[Site "Glasgow"]
[Date "2012.07.12"]
[Round "6"]
[White "Bhopal, Raj"]
[Black "Spencer, Edwin A"]
[Result "0-1"]
[WhiteElo "1808"]
[BlackElo "2145"]
[PlyCount "79"]
[EventDate "2012.07.07"]
[EventType "swiss"]
[EventRounds "9"]
[EventCountry "SCO"]
[Source "Chess Scotland"]
[SourceDate "2012.07.24"]

1. d4 f5 2. Bg5 h6 3. Bh4 g5 4. e3 Nf6 5. Bg3 d6 6. h4 g4 7. Ne2 Nh5 8. Nbc3
Bg7 9. Nf4 Nxf4 10. Bxf4 Nc6 11. Bb5 Bd7 12. d5 Ne5 13. Bxd7+ Qxd7 14. Qe2 c6
15. e4 Rc8 16. Bxe5 Bxe5 17. Nd1 cxd5 18. exf5 Qa4 19. c3 h5 20. O-O g3 21. f4
Bf6 22. Qe6 Qd7 23. Re1 Qxe6 24. fxe6 d4 25. Kf1 dxc3 26. Nxc3 O-O 27. Re3 Bxh4
28. Rf3 Rc4 29. Ne2 Rf6 30. Re3 Kh7 31. Ke1 Kg6 32. Kd2 Kf5 33. Kd3 Rb4 34. b3
Rxe6 35. Nd4+ Rxd4+ 36. Kxd4 Bf6+ 37. Kd5 Rxe3 38. Rg1 Rc3 39. b4 a5 40. bxa5
0-1

[Event "119th Scottish Championship"]
[Site "Glasgow"]
[Date "2012.07.12"]
[Round "6"]
[White "Green, Andrew"]
[Black "Karlsson, Mikael"]
[Result "1-0"]
[WhiteElo "2144"]
[BlackElo "1929"]
[PlyCount "113"]
[EventDate "2012.07.07"]
[EventType "swiss"]
[EventRounds "9"]
[EventCountry "SCO"]
[Source "Chess Scotland"]
[SourceDate "2012.07.24"]

1. d4 Nf6 2. c4 e6 3. Nf3 b6 4. g3 Bb7 5. Bg2 d5 6. O-O Nbd7 7. Nc3 Bb4 8. cxd5
exd5 9. Qb3 Bxc3 10. bxc3 O-O 11. a4 Re8 12. e3 a5 13. Rd1 Ne4 14. c4 Ndf6 15.
h3 Rc8 16. Ba3 dxc4 17. Qxc4 Bd5 18. Qc2 c6 19. Kh2 b5 20. Ne5 b4 21. Bb2 Ng5
22. f3 Nxf3+ 23. Bxf3 Bxf3 24. Nxf3 Rxe3 25. Rd3 Re6 26. Re1 Rxe1 27. Nxe1 Qe7
28. Ng2 Nd5 29. Rd1 h6 30. Re1 Qb7 31. Qc5 Qa6 32. Nf4 Nxf4 33. gxf4 Qd3 34.
Qe5 f6 35. Qe6+ Kh7 36. Qg4 f5 37. Qg2 Rc7 38. Re6 Kg8 39. Re8+ Kf7 40. Re5 g6
41. Rxa5 Qe3 42. Re5 Qxf4+ 43. Kh1 Ra7 44. a5 Ra6 45. Qe2 Ra7 46. Re8 Qd6 47.
Qe5 Qd5+ 48. Kg1 g5 49. Qe2 Qb3 50. Re3 Qa2 51. a6 Qb1+ 52. Kh2 f4 53. Re6 f3
54. Qxf3+ Kg8 55. Re8+ Kh7 56. Rh8+ Kg6 57. Qf6+ 1-0

[Event "119th Scottish Championship"]
[Site "Glasgow"]
[Date "2012.07.12"]
[Round "6"]
[White "O'Donnell, Conor"]
[Black "Herbold, Manfred"]
[Result "1-0"]
[WhiteElo "1939"]
[BlackElo "2143"]
[PlyCount "43"]
[EventDate "2012.07.07"]
[EventType "swiss"]
[EventRounds "9"]
[EventCountry "SCO"]
[Source "Chess Scotland"]
[SourceDate "2012.07.24"]

1. e4 g6 2. d4 Bg7 3. Nc3 d6 4. Bg5 h6 5. Bh4 c5 6. dxc5 Qa5 7. Qd2 Qxc5 8. Bd3
Be6 9. Nge2 Nd7 10. f4 a6 11. Bf2 Qc7 12. Nd4 Rc8 13. Nd5 Bxd5 14. exd5 Nb6 15.
Bxg6 Nc4 16. Qb4 Bxd4 17. Bxd4 fxg6 18. Bxh8 Ne3 19. Qe4 Qa5+ 20. c3 Nxd5 21.
O-O Kf7 22. f5 1-0

[Event "119th Scottish Championship"]
[Site "Glasgow"]
[Date "2012.07.12"]
[Round "6"]
[White "Dawson, Alastair"]
[Black "McClement, Andrew"]
[Result "0-1"]
[WhiteElo "1891"]
[BlackElo "2075"]
[PlyCount "122"]
[EventDate "2012.07.07"]
[EventType "swiss"]
[EventRounds "9"]
[EventCountry "SCO"]
[Source "Chess Scotland"]
[SourceDate "2012.07.24"]

1. d4 Nf6 2. Nf3 e6 3. g3 b6 4. Bg2 c5 5. O-O Bb7 6. c4 cxd4 7. Nxd4 Bxg2 8.
Kxg2 Be7 9. Nc3 O-O 10. e4 Qc7 11. Qe2 d6 12. Be3 Nc6 13. b3 Rfd8 14. Rac1 Rac8
15. f4 Qb7 16. Qf3 a6 17. g4 Bf8 18. g5 Nd7 19. Nxc6 Rxc6 20. Ne2 Rc7 21. Bd4
b5 22. cxb5 Rxc1 23. Rxc1 axb5 24. e5 Qa6 25. Rc2 Rc8 26. Rxc8 Qxc8 27. Qc3
Qa8+ 28. Kg3 Qxa2 29. Nc1 Qa8 30. exd6 Qd5 31. Be5 Bxd6 32. Bxd6 Qxd6 33. Qc8+
Nf8 34. Qc3 h6 35. h4 Ng6 36. Ne2 Qd1 37. Qf3 Qe1+ 38. Qf2 Qxf2+ 39. Kxf2 Nxh4
40. Nd4 b4 41. Nc6 hxg5 42. fxg5 Kh7 43. Nxb4 Kg6 44. Nc6 Kxg5 45. b4 Nf5 46.
b5 Nd6 47. Na7 f5 48. b6 Nb7 49. Nc6 Kf6 50. Kf3 e5 51. Nb4 g5 52. Nd5+ Ke6 53.
Nc7+ Kd7 54. Nd5 Nd6 55. Nb4 Ke6 56. Nc6 Nb7 57. Nb4 Kd6 58. Na6 Kc6 59. Nc7
Kxb6 60. Ne6 g4+ 61. Kg3 Kc6 0-1

[Event "119th Scottish Championship"]
[Site "Glasgow"]
[Date "2012.07.12"]
[Round "6"]
[White "Isherwood, Paul"]
[Black "Jelfs, Alan"]
[Result "1-0"]
[WhiteElo "2024"]
[BlackElo "1852"]
[PlyCount "49"]
[EventDate "2012.07.07"]
[EventType "swiss"]
[EventRounds "9"]
[EventCountry "SCO"]
[Source "Chess Scotland"]
[SourceDate "2012.07.24"]

1. e4 e5 2. Bc4 Nf6 3. d3 Bc5 4. Nc3 d6 5. f4 c6 6. Nf3 b5 7. Bb3 Nbd7 8. fxe5
dxe5 9. Qe2 Qe7 10. Nd1 a5 11. a3 Ba6 12. Ba2 O-O 13. Bg5 b4 14. a4 Bb6 15. Rf1
Nc5 16. Nh4 b3 17. Bxf6 Qd7 18. Nf5 bxc2 19. Nf2 Nxd3+ 20. Nxd3 Qxd3 21. Qxd3
Bxd3 22. Rf3 Bxe4 23. Rg3 Bxf5 24. Rxg7+ Kh8 25. Rg6# 1-0

[Event "119th Scottish Championship"]
[Site "Glasgow"]
[Date "2012.07.12"]
[Round "6"]
[White "Aird, Ian"]
[Black "Thomas, Daniel"]
[Result "1/2-1/2"]
[WhiteElo "2000"]
[BlackElo "1793"]
[PlyCount "81"]
[EventDate "2012.07.07"]
[EventType "swiss"]
[EventRounds "9"]
[EventCountry "SCO"]
[Source "Chess Scotland"]
[SourceDate "2012.07.24"]

1. e4 e5 2. Nf3 Nf6 3. Nxe5 d6 4. Nf3 Nxe4 5. Nc3 Nxc3 6. dxc3 Be7 7. Be3 Be6
8. Qd2 Nc6 9. Ng5 Bxg5 10. Bxg5 f6 11. Be3 Qd7 12. Bb5 a6 13. Ba4 b5 14. Bb3
Ne5 15. O-O Bxb3 16. axb3 O-O 17. Rfe1 Qg4 18. Qd5+ Kh8 19. Bd4 c6 20. Qe4 Qxe4
21. Rxe4 c5 22. Bxe5 dxe5 23. Kf1 Kg8 24. Re3 Kf7 25. Ke2 Ke6 26. f4 a5 27. c4
bxc4 28. bxc4 a4 29. fxe5 fxe5 30. Rea3 Rab8 31. R1a2 Rf4 32. Rxa4 Re4+ 33. Kf3
Rf4+ 34. Ke3 Kf5 35. b3 Rd8 36. Ra7 Re4+ 37. Kf3 Rf4+ 38. Kg3 Rg4+ 39. Kh3 Rg6
40. Rf7+ Ke4 41. Ra1 1/2-1/2

[Event "119th Scottish Championship"]
[Site "Glasgow"]
[Date "2012.07.12"]
[Round "6"]
[White "Villwock, Martin"]
[Black "Parks, Joe"]
[Result "0-1"]
[WhiteElo "2176"]
[BlackElo "1910"]
[PlyCount "58"]
[EventDate "2012.07.07"]
[EventType "swiss"]
[EventRounds "9"]
[EventCountry "SCO"]
[Source "Chess Scotland"]
[SourceDate "2012.07.24"]

1. e4 d6 2. Nc3 Nf6 3. f4 e5 4. Nf3 Nbd7 5. Bc4 Be7 6. d3 O-O 7. O-O c6 8. fxe5
Nxe5 9. Nxe5 dxe5 10. Ne2 Bc5+ 11. Kh1 Ng4 12. Qe1 Qb6 13. h3 Bf2 14. Qd1 Ne3
15. Bxe3 Qxe3 16. Ng1 Bxg1 17. Rf3 Qb6 18. Rxf7 Rxf7 19. Qf3 Qf2 20. Rf1 Qxf3
21. Rxf3 Bc5 22. Rxf7 Kh8 23. d4 exd4 24. e5 b5 25. Bb3 a5 26. a3 Ra7 27. Rf1
h6 28. e6 Kh7 29. Re1 Re7 0-1

[Event "119th Scottish Championship"]
[Site "Glasgow"]
[Date "2012.07.12"]
[Round "6"]
[White "O'Molloy, Eamonn"]
[Black "Rysbayeva, Aigerim"]
[Result "0-1"]
[WhiteElo "1904"]
[BlackElo "2175"]
[PlyCount "74"]
[EventDate "2012.07.07"]
[EventType "swiss"]
[EventRounds "9"]
[EventCountry "SCO"]
[Source "Chess Scotland"]
[SourceDate "2012.07.24"]

1. e4 c5 2. c3 d5 3. exd5 Qxd5 4. d4 Nf6 5. Nf3 Bg4 6. dxc5 Qxd1+ 7. Kxd1 e5 8.
b4 e4 9. h3 Bh5 10. g4 Nxg4 11. hxg4 Bxg4 12. Kc2 Bxf3 13. Rh2 Nd7 14. Bf4 Be7
15. Nd2 g5 16. Nxf3 exf3 17. Be3 h5 18. Bh3 Bf6 19. Bd4 Bxd4 20. Re1+ Be5 21.
Bxd7+ Kxd7 22. Rxe5 g4 23. Rhxh5 Rxh5 24. Rxh5 Re8 25. Rg5 Re2+ 26. Kd3 f5 27.
Rxf5 Rxf2 28. Ke3 Rxa2 29. Rf4 f2 30. Rxf2 Rxf2 31. Kxf2 Kc6 32. Kg3 Kb5 33.
Kxg4 a6 34. Kf4 Kc4 35. Ke5 Kxc3 36. b5 axb5 37. Kd6 Kc4 0-1

[Event "119th Scottish Championship"]
[Site "Glasgow"]
[Date "2012.07.12"]
[Round "6"]
[White "Tsang, Sai Kong"]
[Black "Rutherford, Elaine"]
[Result "0-1"]
[WhiteElo "1895"]
[BlackElo "2091"]
[PlyCount "110"]
[EventDate "2012.07.07"]
[EventType "swiss"]
[EventRounds "9"]
[EventCountry "SCO"]
[Source "Chess Scotland"]
[SourceDate "2012.07.24"]

1. d4 Nf6 2. Nf3 c5 3. d5 e6 4. c4 exd5 5. cxd5 d6 6. e4 g6 7. Bc4 Bg7 8. O-O
O-O 9. Nc3 a6 10. a4 Nbd7 11. Bf4 Qe7 12. Re1 Nh5 13. Bg5 Qe8 14. e5 Nxe5 15.
Nxe5 Bxe5 16. Ne4 Qd7 17. Qe2 b6 18. Kh1 f5 19. Ng3 Nxg3+ 20. hxg3 h6 21. Bf4
Bxf4 22. gxf4 Kf7 23. Qd2 Re8 24. Qc3 Rxe1+ 25. Rxe1 Qd8 26. b3 Bd7 27. Kg1 b5
28. axb5 axb5 29. Bf1 Qf6 30. Qh3 Kg7 31. Qe3 Kf7 32. Qh3 h5 33. Qe3 Re8 34.
Qd2 Rxe1 35. Qxe1 Qd4 36. Qa5 Ke7 37. Qe1+ Qe4 38. Qd2 Kf7 39. f3 Qe7 40. Qc3
Qf6 41. Qxf6+ Kxf6 42. Kf2 Ke7 43. Ke3 Kd8 44. Kd2 Kc7 45. Kc3 b4+ 46. Kd2 Kb6
47. Bd3 Bb5 48. Bb1 h4 49. Ba2 Bf1 50. Ke3 Ba6 51. Kf2 c4 52. g4 hxg3+ 53. Kxg3
c3 54. Bb1 Kc5 55. Kf2 Kd4 0-1

[Event "119th Scottish Championship"]
[Site "Glasgow"]
[Date "2012.07.12"]
[Round "6"]
[White "Borwell, Alan P"]
[Black "Giulian, Rosemary A"]
[Result "1-0"]
[WhiteElo "2078"]
[BlackElo "1918"]
[PlyCount "95"]
[EventDate "2012.07.07"]
[EventType "swiss"]
[EventRounds "9"]
[EventCountry "SCO"]
[Source "Chess Scotland"]
[SourceDate "2012.07.24"]

1. e4 e6 2. b3 d5 3. Bb2 Nf6 4. e5 Nfd7 5. f4 c5 6. Qg4 Nc6 7. Nf3 g6 8. Bb5
Qb6 9. Bxc6 bxc6 10. Nc3 Ba6 11. Na4 Qc7 12. d3 Bb5 13. Nc3 a5 14. O-O a4 15.
Ng5 Be7 16. Rae1 h5 17. Qh3 Bxg5 18. fxg5 Nb6 19. Qf3 Qe7 20. h4 axb3 21. axb3
O-O 22. g4 hxg4 23. Qxg4 Kg7 24. Rf6 Rh8 25. Ref1 Raf8 26. Ba3 Nd7 27. Qf4 Qe8
28. Ne2 Kg8 29. c4 Ba6 30. Ng3 Nxf6 31. gxf6 Qd7 32. h5 Rh7 33. Bxc5 Rb8 34.
Qg5 Kh8 35. hxg6 fxg6 36. Be7 dxc4 37. Qxg6 Qd4+ 38. Rf2 Qxd3 39. Qg4 Qb1+ 40.
Rf1 Qd3 41. f7 Qe3+ 42. Kg2 Qd2+ 43. Rf2 Rh2+ 44. Kxh2 Qxf2+ 45. Kh3 Qxf7 46.
Bf6+ Kh7 47. Qh4+ Kg8 48. Qh8# 1-0

[Event "119th Scottish Championship"]
[Site "Glasgow"]
[Date "2012.07.12"]
[Round "6"]
[White "McKerracher, Douglas"]
[Black "Schmerwitz, Reinhard"]
[Result "1-0"]
[WhiteElo "2030"]
[BlackElo "1874"]
[PlyCount "123"]
[EventDate "2012.07.07"]
[EventType "swiss"]
[EventRounds "9"]
[EventCountry "SCO"]
[Source "Chess Scotland"]
[SourceDate "2012.07.24"]

1. e4 c5 2. Nc3 Nc6 3. g3 e6 4. Bg2 Nf6 5. d3 d5 6. exd5 exd5 7. Nge2 d4 8. Ne4
Be7 9. O-O O-O 10. Nf4 Bf5 11. Nxf6+ Bxf6 12. g4 Bd7 13. Nd5 Be5 14. a3 Qa5 15.
h3 f5 16. f4 fxg4 17. hxg4 Bxg4 18. Qe1 Qxe1 19. Rxe1 Bd6 20. Bd2 Rae8 21. Be4
Bd7 22. Kg2 Ne7 23. Rf1 Bc6 24. Nxe7+ Rxe7 25. Rae1 Ref7 26. f5 Rxf5 27. Rxf5
Rxf5 28. Bxc6 bxc6 29. Re8+ Rf8 30. Re6 Rd8 31. Ba5 Rd7 32. Re8+ Kf7 33. Rc8
Ke6 34. Rxc6 Kd5 35. Rc8 Rf7 36. Rh8 h6 37. Bd2 Bf4 38. Rd8+ Kc6 39. Be1 Bc7
40. Rg8 Kd7 41. a4 Ke6 42. Ra8 Be5 43. Rc8 Rc7 44. Re8+ Kf6 45. Rxe5 c4 46. Rd5
cxd3 47. cxd3 Rc2+ 48. Kf1 g5 49. Rxd4 Kf5 50. Rd7 h5 51. Rxa7 Rxb2 52. Rf7+
Kg4 53. a5 Ra2 54. Rf2 Ra1 55. Re2 h4 56. Kg2 Ra3 57. d4 Rd3 58. Rd2 h3+ 59.
Kh2 Rg3 60. d5 Kh5 61. d6 Ra3 62. d7 1-0

[Event "119th Scottish Championship"]
[Site "Glasgow"]
[Date "2012.07.12"]
[Round "6"]
[White "Sigurdarson, Emil"]
[Black "Pyrich, George"]
[Result "1/2-1/2"]
[WhiteElo "1808"]
[BlackElo "2007"]
[PlyCount "38"]
[EventDate "2012.07.07"]
[EventType "swiss"]
[EventRounds "9"]
[EventCountry "SCO"]
[Source "Chess Scotland"]
[SourceDate "2012.07.24"]

1. e4 c5 2. Nc3 Nc6 3. f4 e6 4. Nf3 a6 5. g3 d5 6. d3 Nf6 7. Bg2 dxe4 8. Nxe4
Be7 9. O-O O-O 10. Be3 Nxe4 11. dxe4 Qc7 12. Qe2 b6 13. c3 a5 14. Qc2 Ba6 15.
Rf2 Rad8 16. Rd1 Rxd1+ 17. Qxd1 Rd8 18. Rd2 Rxd2 19. Qxd2 Qd8 1/2-1/2

[Event "119th Scottish Championship"]
[Site "Glasgow"]
[Date "2012.07.12"]
[Round "6"]
[White "Hardarson, Jon Trausti"]
[Black "Walker, Duncan"]
[Result "1-0"]
[WhiteElo "1774"]
[BlackElo "1991"]
[PlyCount "73"]
[EventDate "2012.07.07"]
[EventType "swiss"]
[EventRounds "9"]
[EventCountry "SCO"]
[Source "Chess Scotland"]
[SourceDate "2012.07.24"]

1. e4 e6 2. d4 d5 3. Nc3 Bb4 4. e5 c5 5. a3 Bxc3+ 6. bxc3 Bd7 7. Qg4 Ne7 8.
Qxg7 Rg8 9. Qxh7 cxd4 10. Ne2 dxc3 11. f4 Nbc6 12. Qd3 Rc8 13. Nxc3 a6 14. Rg1
Qb6 15. Be3 Qa5 16. Bd2 Qc5 17. Be3 Qa5 18. Bd2 Nf5 19. g4 Nb4 20. axb4 Qxa1+
21. Kf2 Ne7 22. Be2 Qa3 23. Rb1 Rc4 24. Nxd5 Qa2 25. Nf6+ Kf8 26. Qxd7 Qxb1 27.
Bxc4 Qh1 28. Nxg8 Qxh2+ 29. Ke1 Qh1+ 30. Bf1 Qe4+ 31. Kd1 Nxg8 32. Qd3 Qc6 33.
Qd6+ Ne7 34. Qxc6 Nxc6 35. Bg2 Nd8 36. Be3 Ke8 37. Bb6 1-0

[Event "119th Scottish Championship"]
[Site "Glasgow"]
[Date "2012.07.12"]
[Round "6"]
[White "Robinson, Stephen CE"]
[Black "Brunello, Roberta"]
[Result "0-1"]
[WhiteElo "1710"]
[BlackElo "1982"]
[PlyCount "94"]
[EventDate "2012.07.07"]
[EventType "swiss"]
[EventRounds "9"]
[EventCountry "SCO"]
[Source "Chess Scotland"]
[SourceDate "2012.07.24"]

1. b4 d5 2. Bb2 Nf6 3. e3 g6 4. f4 Bg7 5. Nf3 Nbd7 6. Be2 O-O 7. O-O b6 8. c4
e6 9. Qc2 Bb7 10. c5 c6 11. d4 Ng4 12. Qc1 h5 13. h3 Nh6 14. Bc3 Nf5 15. Be1
Qe7 16. g4 hxg4 17. hxg4 Nh6 18. Ne5 Nxe5 19. g5 Neg4 20. gxh6 Nxh6 21. Rf2 Nf5
22. Qc3 a5 23. a3 axb4 24. axb4 Rxa1 25. Qxa1 bxc5 26. Bc3 Qh4 27. Rf3 Qg4+ 28.
Kh2 cxd4 29. exd4 Nd6 30. Nd2 Bh6 31. Qf1 Ne4 32. Nxe4 dxe4 33. Rf2 Qh4+ 34.
Kg2 e3 35. Rf3 c5 36. dxc5 Bxf4 37. Qg1 Qg3+ 38. Kf1 Bxf3 39. Qxg3 Bxe2+ 40.
Kxe2 Bxg3 41. Kxe3 Rd8 42. b5 Rd5 43. Bb4 Bh2 44. Kf2 Be5 45. b6 Bd4+ 46. Ke2
Bxc5 47. b7 Ba7 0-1

[Event "119th Scottish Championship"]
[Site "Glasgow"]
[Date "2012.07.12"]
[Round "6"]
[White "Sverrisson, Nokkvi"]
[Black "Campbell, Eoin"]
[Result "1-0"]
[WhiteElo "1973"]
[BlackElo "1868"]
[PlyCount "57"]
[EventDate "2012.07.07"]
[EventType "swiss"]
[EventRounds "9"]
[EventCountry "SCO"]
[Source "Chess Scotland"]
[SourceDate "2012.07.24"]

1. e4 d6 2. d4 Nf6 3. Nc3 g6 4. Be3 a6 5. Qd2 b5 6. Bd3 Nc6 7. Nf3 e5 8. d5 Nb4
9. Be2 Ng4 10. a3 Nxe3 11. fxe3 Nxc2+ 12. Qxc2 Bh6 13. Qd3 Bd7 14. b4 Qb8 15.
O-O Qb6 16. Nd1 a5 17. bxa5 Rxa5 18. Nd2 O-O 19. Kh1 Rfa8 20. Rf3 b4 21. Nc4
Bb5 22. Nxb6 Bxd3 23. Nxa8 Bxe2 24. Nxc7 Bxf3 25. gxf3 Rxa3 26. Rxa3 bxa3 27.
Nc3 Bxe3 28. N7b5 Bd2 29. Na2 1-0

[Event "119th Scottish Championship"]
[Site "Glasgow"]
[Date "2012.07.12"]
[Round "6"]
[White "McCusker, Andrew"]
[Black "Emery, Keith"]
[Result "1-0"]
[WhiteElo "1217"]
[BlackElo "1955"]
[PlyCount "143"]
[EventDate "2012.07.07"]
[EventType "swiss"]
[EventRounds "9"]
[EventCountry "SCO"]
[Source "Chess Scotland"]
[SourceDate "2012.07.24"]

1. c4 Nf6 2. g3 g6 3. Bg2 Bg7 4. Nc3 O-O 5. d3 d6 6. e4 e5 7. Nge2 Nbd7 8. O-O
Nc5 9. f4 exf4 10. gxf4 Ne8 11. f5 Nd7 12. Be3 Ne5 13. Qd2 gxf5 14. exf5 Ng4
15. Bf4 Kh8 16. h3 Ne5 17. Bh6 Qf6 18. Bg5 Nf3+ 19. Rxf3 Qe5 20. d4 Qa5 21. f6
Rg8 22. fxg7+ Rxg7 23. Raf1 Qxg5 24. Qxg5 Rxg5 25. Kh2 f5 26. Ng3 Ng7 27. Nd5
Bd7 28. Ne3 Rg8 29. R3f2 Re8 30. Nexf5 Nxf5 31. Nxf5 Bxf5 32. Rxf5 Rxf5 33.
Rxf5 Re2 34. Rb5 b6 35. c5 dxc5 36. dxc5 a6 37. Rb3 bxc5 38. Kg3 c4 39. Rb8+
Kg7 40. Rb7 Kf6 41. Bf3 Rd2 42. a3 c3 43. bxc3 Ra2 44. Rxc7 Rxa3 45. Kf2 Ke5
46. Ke3 a5 47. Kd3 Kf4 48. Bg4 h6 49. Rc5 Ra1 50. Rh5 a4 51. Rxh6 a3 52. Ra6 a2
53. Kc2 Ke3 54. Be6 Rf1 55. Rxa2 Rf2+ 56. Kb3 Rf6 57. Ra6 Kf4 58. c4 Ke5 59. c5
Rf4 60. Bd7 Kd5 61. c6 Kd6 62. Ra4 Rf1 63. Kc4 Rc1+ 64. Kb5 Rb1+ 65. Rb4 Ra1
66. Kb6 Rc1 67. Kb7 Rc5 68. Rd4+ Ke5 69. Rd1 Rb5+ 70. Kc8 Kf6 71. c7 Ke7 72.
Bxb5 1-0

[Event "119th Scottish Championship"]
[Site "Glasgow"]
[Date "2012.07.12"]
[Round "6"]
[White "Robertson, Jim"]
[Black "James, Chris"]
[Result "0-1"]
[WhiteElo "1696"]
[BlackElo "2028"]
[PlyCount "52"]
[EventDate "2012.07.07"]
[EventType "swiss"]
[EventRounds "9"]
[EventCountry "SCO"]
[Source "Chess Scotland"]
[SourceDate "2012.07.24"]

1. d4 d5 2. e3 Bf5 3. f4 e6 4. Nf3 a6 5. a4 c5 6. c3 Nc6 7. Nbd2 Nf6 8. b3 cxd4
9. exd4 Bd6 10. Ne5 Rc8 11. Ndf3 Ne4 12. Bb2 f6 13. Nxc6 Rxc6 14. Nh4 Nxc3 15.
Bxc3 Rxc3 16. Nxf5 exf5 17. Bd3 O-O 18. O-O g6 19. Rf3 Re8 20. Ra2 Qc7 21. Re2
Rxe2 22. Qxe2 Kf7 23. Re3 Bxf4 24. Rh3 Bxh2+ 25. Kf2 Qf4+ 26. Rf3 Bg3+ 0-1

[Event "119th Scottish Championship"]
[Site "Glasgow"]
[Date "2012.07.12"]
[Round "6"]
[White "Burnett, Walter"]
[Black "Brown, Ken A"]
[Result "1-0"]
[WhiteElo "2015"]
[BlackElo "1773"]
[PlyCount "76"]
[EventDate "2012.07.07"]
[EventType "swiss"]
[EventRounds "9"]
[EventCountry "SCO"]
[Source "Chess Scotland"]
[SourceDate "2012.07.24"]

1. f4 d5 2. Nf3 c5 3. g3 Nf6 4. Bg2 Nc6 5. d3 g6 6. O-O Bg7 7. c3 d4 8. Qb3 O-O
9. Nbd2 Be6 10. c4 Rb8 11. Ng5 Bd7 12. Nde4 h6 13. Nxf6+ Bxf6 14. Ne4 b6 15.
Bd2 Bg7 16. Qd1 Qc8 17. a3 Kh7 18. b4 f5 19. Nf2 Nd8 20. b5 a5 21. Qe1 Ne6 22.
Nd1 Qc7 23. Nb2 Bc8 24. Na4 Bb7 25. Bxb7 Qxb7 26. Nxb6 Qxb6 27. Bxa5 Qd6 28. a4
g5 29. Bd2 gxf4 30. gxf4 Rg8 31. Kh1 Nf8 32. Qf2 Ng6 33. a5 Rbf8 34. a6 e5 35.
fxe5 Bxe5 36. a7 f4 37. Qf3 Ra8 38. Rg1 Rg7 1-0

[Event "119th Scottish Championship"]
[Site "Glasgow"]
[Date "2012.07.12"]
[Round "6"]
[White "Roy, Ali"]
[Black "Thomas, Phil"]
[Result "1/2-1/2"]
[WhiteElo "1822"]
[BlackElo "1900"]
[PlyCount "148"]
[EventDate "2012.07.07"]
[EventType "swiss"]
[EventRounds "9"]
[EventCountry "SCO"]
[Source "Chess Scotland"]
[SourceDate "2012.07.24"]

1. Nf3 d6 2. d4 c6 3. c4 g6 4. Nc3 Bg7 5. e3 Qc7 6. Be2 e5 7. O-O Ne7 8. b3 O-O
9. Bb2 Bg4 10. h3 Bxf3 11. Bxf3 Nd7 12. Rc1 Rad8 13. Ne4 Rfe8 14. Qc2 f5 15.
Ng5 Nf8 16. h4 e4 17. Be2 Qd7 18. Rfd1 Rc8 19. Qd2 h6 20. Nh3 Kh7 21. Nf4 Ng8
22. d5 c5 23. a3 Qd8 24. Bxg7 Kxg7 25. Qc3+ Qf6 26. Qxf6+ Nxf6 27. b4 N6d7 28.
Rb1 Kf6 29. Rdc1 Re7 30. g4 Ne5 31. gxf5 Kxf5 32. bxc5 Rxc5 33. Rb5 Rec7 34.
Rb4 b5 35. Rcb1 bxc4 36. Rb8 Ned7 37. R8b2 g5 38. hxg5 hxg5 39. Nh5 Rxd5 40.
Ng3+ Ke5 41. Rc2 Nb6 42. Nf1 Rdc5 43. Kg2 Ne6 44. Nd2 d5 45. f3 exf3+ 46. Nxf3+
Kf5 47. Rf1 Ke4 48. Kf2 c3 49. Rd1 Kf5 50. Bd3+ Kf6 51. Rh1 Rf7 52. Kg3 Nc4 53.
Rh6+ Ke7 54. Rxe6+ Kxe6 55. Nxg5+ Ke7 56. Nxf7 Nxe3 57. Re2 d4 58. Nh6 c2 59.
Bxc2 Rxc2 60. Kf3 Rxe2 61. Kxe2 Kd6 62. Kd3 Kc5 63. Nf7 Kd5 64. Ng5 Nc4 65. Nh3
Nxa3 66. Nf4+ Ke5 67. Ng6+ Kf6 68. Nh4 Nb5 69. Nf3 a6 70. Nxd4 Nc7 71. Nb3 Ke5
72. Kc4 Kd6 73. Nc5 Kc6 74. Nxa6 Nxa6 1/2-1/2

[Event "119th Scottish Championship"]
[Site "Glasgow"]
[Date "2012.07.12"]
[Round "6"]
[White "Einarsson, Oskar Long"]
[Black "Klug, Christian"]
[Result "0-1"]
[WhiteElo "1587"]
[BlackElo "1894"]
[PlyCount "64"]
[EventDate "2012.07.07"]
[EventType "swiss"]
[EventRounds "9"]
[EventCountry "SCO"]
[Source "Chess Scotland"]
[SourceDate "2012.07.24"]

1. e4 e5 2. Nf3 Nc6 3. Bb5 f5 4. Nc3 fxe4 5. Nxe4 Nf6 6. Qe2 d5 7. Neg5 Bd6 8.
Bxc6+ bxc6 9. Nxe5 O-O 10. d4 c5 11. c3 cxd4 12. cxd4 c5 13. Be3 cxd4 14. Bxd4
Qa5+ 15. Bc3 Qb6 16. O-O Ba6 17. Nd3 Rae8 18. Qc2 Ne4 19. Nf3 Rxf3 20. gxf3
Bxh2+ 21. Kxh2 Qh6+ 22. Kg2 Qg5+ 23. Kh1 Re6 24. Be5 Rh6+ 25. Bh2 Qh4 26. Qc7
Nd6 27. Qb8+ Bc8 28. Qxd6 Rxd6 29. Rg1 Rh6 30. Rg2 Bh3 31. Rg3 Bf1 32. Rg2
Bxg2+ 0-1